[Event "RUS-ch51"]
[Site "St Petersburg"]
[Date "1998.08.01"]
[Round "5"]
[White "Kharlov, Andrei"]
[Black "Morozevich, Alexander"]
[Result "1/2-1/2"]
[WhiteElo "2575"]
[BlackElo "2625"]
[Annotator "Huzman"]
[PlyCount "131"]
[EventDate "1998.07.28"]
[EventType "swiss"]
[EventRounds "11"]
[EventCountry "RUS"]
[SourceTitle "CBM 067"]
[Source "ChessBase"]
[SourceDate "1998.11.30"]
[SourceVersion "2"]
[SourceVersionDate "1998.11.01"]
[SourceQuality "1"]

1. d4 d5 2. Nf3 Nf6 3. c4 c6 4. Qb3 dxc4 5. Qxc4 Bf5 6. g3 e6 7. Nc3 Be7 8. Bg2
O-O 9. O-O Nbd7 10. e3 b5 11. Qe2 b4 12. Nb1 {[%cal Gb1d2,Ge3e4,Gd2e4,Gd2c4]} (
12. Na4 Be4 (12... Qa5 13. b3 Qb5 14. Re1 Bd3 15. Qd1 Rac8 16. Bb2 Rfd8 17. Rc1
Qa6 18. Nd2 Bb5 19. Bf1 Qb7 {1/2-1/2 Vasilescu,L-Navrotescu,C/ROM-chT 1993})
13. Bd2 (13. b3 Nb6 14. Nxb6 axb6 15. Ne5 Bxg2 16. Kxg2 Qd5+ $15 {0-1 Panczyk,
K-Vigus,J/Hampstead IM 1998 (38)}) 13... Nb6 14. b3 Nxa4 15. bxa4 Qd5 16. Rfc1
Rfd8 17. Be1 Nd7 $15 {1/2-1/2 Horvath,J-Milov,L/Balatonbereny op 1992 (24)})
12... c5 13. Nbd2 Rc8 14. b3 Bg4 {[%cal Yc5d4,Rg4e2]} (14... Ne4 $5 15. Nxe4 (
15. Bb2 Bf6 $11) (15. a3 Nc3 16. Qa6 Nb8 17. Qxa7 Nc6 18. Qa6 cxd4 $36) 15...
Bxe4 16. Bb2 $11) 15. h3 (15. Bb2 $2 cxd4 16. Bxd4 e5 $19) 15... Bh5 16. g4 Bg6
17. Bb2 Nd5 (17... Ne4 $11) 18. Nc4 Bf6 19. Rac1 cxd4 20. Nxd4 Nc5 {[%cal
Yg6d3,Yc5d3,Gc5e4,Ge4c3,Gd5c3]} 21. Rfd1 Ne4 22. Bxe4 $1 (22. Nb5 a6 23. Bxe4
Bxe4 (23... axb5 24. Bxd5 exd5 25. Ne5 $14) 24. Nbd6 Bxb2 25. Qxb2 Bf3 26. Nxc8
Qh4 $1 27. Ne5 (27. Kh2 Bxg4 28. Rh1 Rxc8 $40) 27... Bxd1 28. Nd6 Nc3 $17)
22... Bxe4 23. f3 Bg6 24. e4 Nf4 25. Qh2 {[%cal Gh2f4,Gd1d8]} Qc7 $8 26. Kh1 $1
{[%cal Ge4e5]} (26. e5 Bxe5 (26... Bg5 27. h4 $18) 27. Nxe6 fxe6 28. Nxe5 (28.
Bxe5 Qc5+ 29. Kh1 Nd3 $17) 28... Qb6+ 29. Kh1 Rcd8 (29... Qe3 30. Rxc8 Rxc8 31.
Qd2 $14) 30. Nxg6 Nxg6 (30... hxg6 $5 $11) 31. Qe2 Nf4 32. Qe5 Qb7 $132) 26...
e5 27. Ne2 $1 (27. Nc6 $2 Qxc6 28. Nxe5 Qxc1 29. Bxc1 Rxc1 30. Rxc1 Bxe5 $17)
27... Nxe2 28. Qxe2 $16 {[%csl Rg6]} Qe7 29. Rc2 (29. Rd5 Rfd8 (29... Rc7 30.
Rcd1 Rfc8 31. Qh2 $5 $16) 30. Rcd1 $16) 29... Rc7 (29... Rfd8 30. Rcd2 Rxd2 31.
Qxd2 $16) 30. Rd5 Rfc8 31. Kg2 (31. Rcd2 $5 $16) 31... h6 32. Rcd2 Qe6 33. Rd1
(33. Nxe5 $2 Bg5 $1 34. Nxg6 Bxd2 $17) 33... Kh7 34. Bc1 $1 {[%cal Gc1e3,Ge3a7,
Ge3g5]} Qa6 35. Ra5 Qb7 36. Be3 Qb8 37. Rad5 {[%cal Ge2f2,Gh3h5]} Rc6 38. Qf2
$1 R8c7 39. R1d2 Re6 40. h4 h5 (40... Kg8 41. g5 hxg5 42. hxg5 Be7 43. Nxe5 $18
) 41. g5 (41. Qg3 $5 hxg4 42. Qxg4 Kh8 43. Bg5 $16 {/+-}) 41... Be7 42. Nxe5
$18 Qe8 {[%cal Yf7f6]} 43. Nxg6 Rxg6 44. Bxa7 f6 45. Be3 Rc3 46. Re2 (46. f4 $5
fxg5 47. fxg5 Bf8 48. Qf3 $18) 46... Qc8 47. Bd2 $6 (47. Bf4 $18) 47... Bc5 48.
Qf1 Rc2 49. Bf4 Rc3 50. Kh2 Bb6 51. Kg2 Ba7 52. Rf5 Rd3 53. Qc1 Qa6 54. Rd2
fxg5 55. Rxg5 Rc3 56. Qd1 Qf6 57. Rd6 Qxf4 58. Rdxg6 Bd4 59. Rg3 $2 (59. Rf5 $1
Qe3 (59... Qxh4 60. Rg3 g6 (60... Rc6 61. f4 g6 62. Rf7+ Kh6 63. Qd2 $18) 61.
Rfg5 $18) 60. Rd6 Qf2+ (60... g6 61. Rxd4 $18) 61. Kh3 Rc2 62. Rxh5+ Kg8 63.
Rd8+ Kf7 64. Rf5+ Ke7 65. Qxc2 Qxc2 66. Rxd4 $18) 59... Qe3 60. Rd6 (60. e5 $1
Qf2+ 61. Kh3 Bxe5 62. R6g5 (62. f4 Qxf4 63. Qxh5+ Kg8) 62... Bxg3 63. Rxh5+ $1
Kg6 64. Rg5+ Kh7 65. Rxg3 Rc2 $132 {/+/-}) 60... Qf2+ 61. Kh3 Rc2 62. Qxc2 (62.
Qh1 $5 Be5 63. Rdg6 Qd2 (63... Bxg3 64. Rxg3 Rxa2 65. Qg2 Qxg2+ 66. Rxg2 Ra3
67. Rb2 $16) 64. f4 Qxf4 (64... Qd7+ 65. f5) 65. R6g5 g6 $132) 62... Qxc2 63.
Rxd4 Qc8+ 64. Kh2 Qc2+ 65. Rg2 Qc7+ $1 $11 66. Rg3 (66. Kh3 Qc3 $132) (66. Kh1
Qc1+ 67. Rg1 Qc3 $132) 1/2-1/2

[Event "RUS-ch51"]
[Site "St Petersburg"]
[Date "1998.08.03"]
[Round "7"]
[White "Kharlov, Andrei"]
[Black "Korneev, Oleg"]
[Result "1/2-1/2"]
[WhiteElo "2575"]
[BlackElo "2600"]
[PlyCount "117"]
[EventDate "1998.07.28"]
[EventType "swiss"]
[EventRounds "11"]
[EventCountry "RUS"]
[SourceTitle "CBM 067"]
[Source "ChessBase"]
[SourceDate "1998.11.30"]
[SourceVersion "2"]
[SourceVersionDate "1998.11.01"]
[SourceQuality "1"]

1. d4 d5 2. c4 e6 3. Nc3 Be7 4. cxd5 exd5 5. Bf4 Nf6 6. e3 Bf5 7. Nge2 O-O 8.
Ng3 Be6 9. Qb3 b6 10. Be2 c5 11. O-O Nc6 12. Rfd1 c4 13. Qc2 a6 14. Nf5 b5 15.
a3 Qd7 16. Nxe7+ Nxe7 17. f3 Bf5 18. Qd2 Bg6 19. Bg5 Qe6 20. Re1 h6 21. Bh4
Rfd8 22. Bf1 Nf5 23. Bf2 Nd6 24. Ne2 Bh7 25. g4 Qd7 26. Nf4 g5 27. Ne2 Re8 28.
Bg3 Qe6 29. Bg2 Nd7 30. Nc3 f5 31. Bxd6 Qxd6 32. gxf5 Bxf5 33. e4 Be6 34. e5
Qf8 35. f4 gxf4 36. Bxd5 Rad8 37. Kh1 Kh8 38. Bf3 Nc5 39. d5 Nb3 40. Qf2 Nxa1
41. Rxa1 Bxd5 42. Nxd5 Rxe5 43. Qd4 Qg7 44. Qd2 Rd6 45. Rd1 Re8 46. Rg1 Rg6 47.
Rf1 Qe5 48. Qf2 Rd6 49. Rd1 Rde6 50. Rg1 Rg8 51. Rf1 Rd8 52. Nc3 Qd4 53. Qh4
Qf6 54. Qh3 Rde8 55. Nd5 Qg7 56. Qh4 Qg5 57. Qf2 Qe5 58. Qh4 Qg5 59. Qf2
1/2-1/2

[Event "RUS-ch51"]
[Site "St Petersburg"]
[Date "1998.08.05"]
[Round "9"]
[White "Kharlov, Andrei"]
[Black "Dolmatov, Sergey"]
[Result "1/2-1/2"]
[WhiteElo "2575"]
[BlackElo "2575"]
[PlyCount "46"]
[EventDate "1998.07.28"]
[EventType "swiss"]
[EventRounds "11"]
[EventCountry "RUS"]
[SourceTitle "CBM 067"]
[Source "ChessBase"]
[SourceDate "1998.11.30"]
[SourceVersion "2"]
[SourceVersionDate "1998.11.01"]
[SourceQuality "1"]

1. d4 Nf6 2. c4 g6 3. Nc3 Bg7 4. e4 d6 5. h3 O-O 6. Be3 e5 7. d5 a5 8. g4 Na6
9. Bd3 c6 10. Nge2 Nc5 11. Bc2 cxd5 12. cxd5 Bd7 13. Ng3 b5 14. f3 b4 15. Na4
Rc8 16. Kf2 Bb5 17. Kg2 Nfd7 18. Nxc5 Nxc5 19. h4 Qb6 20. Qd2 Qa6 21. Rad1 Rc7
22. h5 Rfc8 23. Rc1 Bc4 1/2-1/2

[Event "RUS-ch51"]
[Site "St Petersburg"]
[Date "1998.08.06"]
[Round "10"]
[White "Solozhenkin, Evgeniy"]
[Black "Kharlov, Andrei"]
[Result "0-1"]
[WhiteElo "2535"]
[BlackElo "2575"]
[Annotator "Yudasin,L"]
[PlyCount "70"]
[EventDate "1998.07.28"]
[EventType "swiss"]
[EventRounds "11"]
[EventCountry "RUS"]
[SourceTitle "CBM 067"]
[Source "ChessBase"]
[SourceDate "1998.11.30"]
[SourceVersion "2"]
[SourceVersionDate "1998.11.01"]
[SourceQuality "1"]

1. e4 g6 2. d4 c6 3. Nc3 Bg7 4. Nf3 d6 (4... d5 5. h3) 5. Be2 Nf6 6. O-O O-O 7.
Bf4 Nh5 $5 (7... Nbd7 8. e5 Ne8) 8. Be3 d5 (8... e5 9. Qd2 Nd7 10. Rad1 $14) 9.
h3 (9. e5 Bh8 {/\Ng7-e6[f5],f6}) 9... dxe4 (9... Nf6 10. e5 Ne4 11. Nxe4 dxe4
12. Ng5 Bf5 13. g4 h6 14. gxf5 hxg5 15. fxg6) 10. Nxe4 Nd7 11. Re1 c5 $2 (11...
Nhf6 $14) 12. dxc5 (12. Nxc5 Nxc5 13. dxc5 Bxb2 14. Rb1 Bc3 15. Qxd8 Rxd8 16.
Red1 Rxd1+ 17. Bxd1 Nf6 $14 18. Nd4) 12... Bxb2 13. Rb1 Bg7 14. Nd4 $1 Nhf6 (
14... e5 15. Nb5 Nhf6 16. Ned6 a6 17. Nxc8) 15. Nxf6+ Bxf6 $5 (15... Nxf6 16.
c6 bxc6 (16... Qc7 17. Bf3 $16) 17. Nxc6 Qc7 18. Bf3 Be6 19. Bc5 $16) 16. c6
Nb6 17. Bf3 bxc6 $8 18. Bxc6 Rb8 19. Bf4 e5 20. Rxe5 $2 (20. Bxe5 Bxe5 21. Rxe5
Nc4 22. Rxb8 Nxe5 23. Bb7 $16) 20... Ba6 21. Rd5 $4 (21. Re4 Rc8 22. Be5 (22.
Bb5 Qd5 23. Bxa6 (23. Qd3 Bb7 24. f3 a6 $17) 23... Qxe4 $17) (22. Be3 $1 Nc4
$13) 22... Bxe5 23. Rxe5 Qd6 $17) 21... Nxd5 $1 22. Rxb8 Nxf4 23. Rxd8 Rxd8 $19
24. Qf3 (24. c3 Ne2+ 25. Kh1 Nxc3 $19) 24... Rxd4 25. g3 Ne2+ 26. Kg2 Rd6 27.
Bd5 Nc3 28. Bb3 $19 Rd7 {I think,vos 28...Kg7 29.h4,bath after 28 move of
white score shipe spoiled completeli} 29. Kh2 Bb5 30. a4 Nxa4 31. c4 Nc5 32.
cxb5 Nxb3 33. Qc6 Rd2 34. Qf3 Nd4 35. Qe3 Rb2 {Yudasin} 0-1

[Event "Chigorin Memorial 06th"]
[Site "St Petersburg"]
[Date "1998.10.31"]
[Round "1"]
[White "Kuzuev, Danil"]
[Black "Kharlov, Andrei"]
[Result "0-1"]
[WhiteElo "2350"]
[BlackElo "2575"]
[PlyCount "100"]
[EventDate "1998.10.31"]
[EventType "swiss"]
[EventRounds "9"]
[EventCountry "RUS"]
[SourceTitle "CBM 067 ext"]
[Source "ChessBase"]
[SourceDate "1999.01.01"]
[SourceVersion "1"]
[SourceVersionDate "1999.01.01"]
[SourceQuality "1"]

1. e4 g6 2. g3 Bg7 3. Bg2 d6 4. Ne2 c5 5. O-O Nc6 6. d3 Nf6 7. c4 Rb8 8. Nbc3
a6 9. a4 O-O 10. h3 Ne8 11. Be3 Nd4 12. Rb1 Bd7 13. b3 Nc7 14. Qc1 b5 15. axb5
axb5 16. Bh6 b4 17. Bxg7 Kxg7 18. Nxd4 cxd4 19. Ne2 e5 20. f4 f6 21. Rf2 Ne6
22. Qc2 Nc5 23. Rbf1 Ra8 24. g4 Qa5 25. Nc1 h6 26. Rf3 g5 27. fxg5 fxg5 28. Qf2
Rf4 29. Rxf4 gxf4 30. Qh4 Qd8 31. Qe1 Rb8 32. Bf3 Kh7 33. Kh2 Bc8 34. Rg1 Rb7
35. Rg2 Ne6 36. h4 Rg7 37. Kg1 Nc5 38. Kh2 Kg8 39. Kg1 Ra7 40. Na2 Nxd3 41. Qd1
Nc5 42. Nxb4 Ra3 43. g5 Bh3 44. Rb2 hxg5 45. Kh2 g4 46. Bxg4 Qxh4 47. Bxh3 Qg3+
48. Kh1 Qxh3+ 49. Rh2 Nxe4 50. Nd3 Qf5 0-1

[Event "Chigorin Memorial 06th"]
[Site "St Petersburg"]
[Date "1998.11.01"]
[Round "2"]
[White "Kharlov, Andrei"]
[Black "Rusanov, Michail"]
[Result "1/2-1/2"]
[WhiteElo "2575"]
[BlackElo "2425"]
[PlyCount "157"]
[EventDate "1998.10.31"]
[EventType "swiss"]
[EventRounds "9"]
[EventCountry "RUS"]
[SourceTitle "CBM 067 ext"]
[Source "ChessBase"]
[SourceDate "1999.01.01"]
[SourceVersion "1"]
[SourceVersionDate "1999.01.01"]
[SourceQuality "1"]

1. d4 e6 2. c4 f5 3. g3 Nf6 4. Bg2 c6 5. Qc2 d5 6. Nh3 Bd6 7. O-O O-O 8. Bf4
Be7 9. Nd2 Ne4 10. Nxe4 dxe4 11. Rad1 Bf6 12. c5 Na6 13. Bd6 Be7 14. Be5 Nb4
15. Qd2 Nd5 16. f3 e3 17. Qc1 g5 18. Kh1 b6 19. f4 g4 20. Ng1 Bb7 21. Rd3 Ba6
22. cxb6 Qd7 23. b7 Bxb7 24. Qc4 Nb6 25. Qc1 c5 26. h3 c4 27. Rxe3 Nd5 28. Rc3
Nxc3 29. Qxc3 Bxg2+ 30. Kxg2 Qd5+ 31. Kh2 h5 32. Qc2 Kf7 33. Re1 Qe4 34. Qxe4
fxe4 35. Rc1 Rac8 36. e3 gxh3 37. Nxh3 Kg6 38. Nf2 Kf5 39. Kg2 Rg8 40. Rh1 h4
41. g4+ Rxg4+ 42. Nxg4 Kxg4 43. d5 Rd8 44. d6 Bxd6 45. Rxh4+ Kxh4 46. Bf6+ Kg4
47. Bxd8 Kf5 48. Ba5 e5 49. b3 cxb3 50. axb3 exf4 51. exf4 Kxf4 52. Kf2 Bc5+
53. Ke2 Ke5 54. Bc3+ Kd5 55. Be1 a6 56. Bc3 Bd4 57. Bb4 Bf6 58. Be1 Kd4 59. Bd2
Be7 60. Be1 Ba3 61. Bd2 Bb2 62. Ba5 Bc1 63. Bb4 Bg5 64. Be1 Be7 65. Ba5 Bc5 66.
Be1 Kd5 67. Bc3 Kc6 68. Be1 Kb5 69. Bc3 Bg1 70. Kf1 Bb6 71. Ke2 Ba5 72. Be5 Kb4
73. Ke3 Kxb3 74. Kxe4 Bd8 75. Kd3 a5 76. Bd6 Bb6 77. Be7 Bc7 78. Bc5 Bg3 79.
Bb6 1/2-1/2

[Event "Chigorin Memorial 06th"]
[Site "St Petersburg"]
[Date "1998.11.02"]
[Round "3"]
[White "Kharlov, Andrei"]
[Black "Reprintsev, Alexander"]
[Result "1-0"]
[WhiteElo "2575"]
[BlackElo "2440"]
[PlyCount "67"]
[EventDate "1998.10.31"]
[EventType "swiss"]
[EventRounds "9"]
[EventCountry "RUS"]
[SourceTitle "CBM 067 ext"]
[Source "ChessBase"]
[SourceDate "1999.01.01"]
[SourceVersion "1"]
[SourceVersionDate "1999.01.01"]
[SourceQuality "1"]

1. e4 d5 2. exd5 Qxd5 3. Nc3 Qa5 4. Nf3 Nf6 5. Bc4 Nc6 6. h3 Ne5 7. Bb3 Nxf3+
8. Qxf3 Qe5+ 9. Ne2 e6 10. d4 Qe4 11. Qg3 Bd7 12. f3 Qg6 13. Qf2 h5 14. h4 Bd6
15. Bg5 Qf5 16. Ng3 Qa5+ 17. c3 Ba4 18. Bxa4+ Qxa4 19. O-O Nh7 20. Ne4 Nxg5 21.
Nxd6+ cxd6 22. hxg5 Qb5 23. g6 fxg6 24. Qg3 O-O-O 25. Qxg6 Qxb2 26. Rab1 Qe2
27. Qxg7 Qa6 28. Rf2 Kb8 29. c4 Qc6 30. Rfb2 b6 31. a4 Rhg8 32. Qf7 Rg5 33. c5
dxc5 34. Qf4+ 1-0

[Event "Chigorin Memorial 06th"]
[Site "St Petersburg"]
[Date "1998.11.03"]
[Round "4"]
[White "Tunik, Gennady"]
[Black "Kharlov, Andrei"]
[Result "1/2-1/2"]
[WhiteElo "2480"]
[BlackElo "2575"]
[PlyCount "46"]
[EventDate "1998.10.31"]
[EventType "swiss"]
[EventRounds "9"]
[EventCountry "RUS"]
[SourceTitle "CBM 067 ext"]
[Source "ChessBase"]
[SourceDate "1999.01.01"]
[SourceVersion "1"]
[SourceVersionDate "1999.01.01"]
[SourceQuality "1"]

1. d4 Nf6 2. c4 e6 3. Nf3 d5 4. Nc3 dxc4 5. e4 Bb4 6. Bg5 c5 7. Bxc4 cxd4 8.
Nxd4 Nbd7 9. O-O Bxc3 10. bxc3 Qa5 11. Bh4 O-O 12. Qc2 b6 13. Rfe1 Bb7 14. Nb5
Ne5 15. Bf1 Bc6 16. a4 Rfc8 17. Bg3 Nfd7 18. Red1 a6 19. Nd6 Rd8 20. Qb2 Qc5
21. Qb4 f6 22. Nc4 Qxb4 23. cxb4 b5 1/2-1/2

[Event "Chigorin Memorial 06th"]
[Site "St Petersburg"]
[Date "1998.11.04"]
[Round "5"]
[White "Kharlov, Andrei"]
[Black "Kupreichik, Viktor"]
[Result "1-0"]
[WhiteElo "2575"]
[BlackElo "2505"]
[PlyCount "155"]
[EventDate "1998.10.31"]
[EventType "swiss"]
[EventRounds "9"]
[EventCountry "RUS"]
[SourceTitle "CBM 067 ext"]
[Source "ChessBase"]
[SourceDate "1999.01.01"]
[SourceVersion "1"]
[SourceVersionDate "1999.01.01"]
[SourceQuality "1"]

1. d4 d5 2. c4 c6 3. Nf3 Nf6 4. Qb3 dxc4 5. Qxc4 Bf5 6. g3 Nbd7 7. Nc3 Nb6 8.
Qb3 a5 9. Bg2 a4 10. Qd1 g6 11. O-O Bg7 12. Re1 O-O 13. e4 Bg4 14. h3 Bxf3 15.
Bxf3 e5 16. dxe5 Nfd7 17. Be2 Nxe5 18. Qc2 Qe7 19. Kg2 Rfd8 20. a3 Nec4 21. h4
Qc5 22. Bg5 Rd7 23. Bg4 Rd4 24. Re2 Nxb2 25. Qxb2 h5 26. Bh3 Rd3 27. Rb1 Ra6
28. Nxa4 Nxa4 29. Qxb7 Rb6 30. Rxb6 Nxb6 31. Be3 Bd4 32. Bxd4 Qxd4 33. Qxc6
Rxa3 34. e5 Qd5+ 35. Qxd5 Nxd5 36. Bd7 Kf8 37. Bc6 Rd3 38. Rb2 Ke7 39. Rb7+ Ke6
40. Be8 Kxe5 41. Rxf7 Nf6 42. Bb5 Rd2 43. Kf1 Ne4 44. Ke1 Rd4 45. Be2 Nd6 46.
Rf8 Ke6 47. Bd1 Ke7 48. Rg8 Kf6 49. Bc2 Nf5 50. Ke2 Rb4 51. Bd3 Rb2+ 52. Kf1
Rd2 53. Rd8 Rb2 54. Rd5 Rb6 55. Ra5 Rd6 56. Ke2 Nd4+ 57. Ke3 Nf5+ 58. Bxf5 gxf5
59. Ra8 Rb6 60. Rg8 Rb3+ 61. Kf4 Rb4+ 62. Kf3 Rb3+ 63. Kg2 Rb7 64. Rg5 Rh7 65.
Kf3 Ke5 66. Rg8 Ra7 67. Rh8 Ra3+ 68. Kg2 f4 69. Rxh5+ Ke4 70. Rh8 f3+ 71. Kh3
Ra2 72. Re8+ Kd4 73. Kg4 Rxf2 74. Kf4 Rf1 75. Re4+ Kd5 76. Re3 f2 77. Kf3 Kd4
78. Re2 1-0

[Event "Chigorin Memorial 06th"]
[Site "St Petersburg"]
[Date "1998.11.08"]
[Round "8"]
[White "Kharlov, Andrei"]
[Black "Volkov, Sergey"]
[Result "1/2-1/2"]
[WhiteElo "2575"]
[BlackElo "2605"]
[PlyCount "123"]
[EventDate "1998.10.31"]
[EventType "swiss"]
[EventRounds "9"]
[EventCountry "RUS"]
[SourceTitle "CBM 067 ext"]
[Source "ChessBase"]
[SourceDate "1999.01.01"]
[SourceVersion "1"]
[SourceVersionDate "1999.01.01"]
[SourceQuality "1"]

1. c4 Nf6 2. Nc3 c6 3. e4 e5 4. Nf3 Qa5 5. Be2 Bb4 6. O-O O-O 7. Qc2 Bxc3 8.
dxc3 d6 9. Rd1 Qc7 10. b3 Nbd7 11. Ba3 Nc5 12. Nxe5 Ncxe4 13. Nf3 Re8 14. Re1
Bg4 15. Nd4 Bxe2 16. Rxe2 c5 17. Nf5 Re5 18. Ne3 Rae8 19. Rae1 R5e7 20. Bc1 h6
21. Nf5 Re6 22. Bf4 Qd7 23. h3 d5 24. Rd1 Qc6 25. f3 Ng5 26. Rxe6 Qxe6 27. cxd5
Nxd5 28. Bg3 Ne3 29. Nxe3 Qxe3+ 30. Bf2 Qe7 31. Rd5 Ne6 32. Qd2 Qc7 33. Rd7 Qc6
34. Be3 a6 35. Qd6 Qxd6 36. Rxd6 Re7 37. c4 Kf8 38. f4 Ke8 39. Rd5 Rd7 40. Re5
Rd1+ 41. Kh2 g6 42. f5 gxf5 43. Bxh6 Rf1 44. Kg3 Ke7 45. Re3 Kf6 46. Rf3 Ra1
47. Rf2 Kg6 48. Be3 Re1 49. Kf3 Ng5+ 50. Bxg5 Kxg5 51. g3 Rd1 52. h4+ Kg6 53.
Ke3 Rd4 54. Rf4 Rd1 55. g4 fxg4 56. Rxg4+ Kf6 57. Rg5 Rh1 58. Rxc5 Rh3+ 59. Kd4
Rxh4+ 60. Kc3 Re4 61. Kb4 Re7 62. Rc8 1/2-1/2

[Event "Linares Anibal op 06th"]
[Site "Linares"]
[Date "1999.01.08"]
[Round "1"]
[White "Kharlov, Andrei"]
[Black "Verduga Zavala, Denis"]
[Result "1-0"]
[WhiteElo "2575"]
[BlackElo "2315"]
[PlyCount "101"]
[EventDate "1999.01.??"]
[EventType "swiss"]
[EventRounds "10"]
[EventCountry "ESP"]
[SourceTitle "CBM 068 ext"]
[Source "ChessBase"]
[SourceDate "1999.03.01"]
[SourceVersion "1"]
[SourceVersionDate "1999.03.01"]
[SourceQuality "1"]

1. e4 c5 2. Nf3 d6 3. d4 cxd4 4. Nxd4 Nf6 5. Nc3 a6 6. Be2 Nbd7 7. f4 e6 8. Bf3
Qc7 9. O-O Rb8 10. a4 Be7 11. Be3 h5 12. Bf2 b6 13. Qe2 Bb7 14. Qe1 g6 15. h3
h4 16. e5 dxe5 17. fxe5 Nh5 18. Bxb7 Qxb7 19. Ne4 Nxe5 20. Bxh4 Qd5 21. Rd1
Bxh4 22. Nf5 Qc6 23. Ned6+ Kf8 24. Nxh4 Qc5+ 25. Kh2 Nf6 26. Nxg6+ Nxg6 27.
Rxf6 Qe5+ 28. Qxe5 Nxe5 29. Rf4 Ke7 30. Nc4 Nxc4 31. Rxc4 Rhc8 32. Rxc8 Rxc8
33. Rd2 f5 34. Kg3 Rc4 35. b3 Rc3+ 36. Kf4 Kf6 37. Rd6 b5 38. g4 bxa4 39. gxf5
axb3 40. cxb3 Rxh3 41. Rxe6+ Kf7 42. Rb6 a5 43. Ke5 Re3+ 44. Kd4 Rh3 45. Rb5
Kf6 46. Kc5 Kxf5 47. Rxa5 Ke6 48. b4 Kd7 49. Kb6 Kd6 50. Ra1 Kd7 51. b5 1-0

[Event "Linares Anibal op 06th"]
[Site "Linares"]
[Date "1999.01.09"]
[Round "2"]
[White "Kovacevic, Slobodan"]
[Black "Kharlov, Andrei"]
[Result "1/2-1/2"]
[WhiteElo "2420"]
[BlackElo "2575"]
[PlyCount "44"]
[EventDate "1999.01.??"]
[EventType "swiss"]
[EventRounds "10"]
[EventCountry "ESP"]
[SourceTitle "CBM 068 ext"]
[Source "ChessBase"]
[SourceDate "1999.03.01"]
[SourceVersion "1"]
[SourceVersionDate "1999.03.01"]
[SourceQuality "1"]

1. d4 d5 2. Bf4 c6 3. e3 Qb6 4. Qc1 Bf5 5. Nd2 e6 6. Ngf3 h6 7. c4 Nf6 8. h3 c5
9. a3 Nbd7 10. b4 cxb4 11. c5 Nxc5 12. dxc5 Bxc5 13. Nb3 Bd6 14. Bxd6 Qxd6 15.
Bb5+ Ke7 16. Nbd4 Bh7 17. Qb2 bxa3 18. Rxa3 Rhb8 19. O-O Kf8 20. Rc1 a6 21. Bf1
Nd7 22. Rac3 e5 1/2-1/2

[Event "Linares Anibal op 06th"]
[Site "Linares"]
[Date "1999.01.10"]
[Round "3"]
[White "Kharlov, Andrei"]
[Black "Herrera, Irisberto"]
[Result "1-0"]
[WhiteElo "2575"]
[BlackElo "2425"]
[PlyCount "65"]
[EventDate "1999.01.??"]
[EventType "swiss"]
[EventRounds "10"]
[EventCountry "ESP"]
[SourceTitle "CBM 068 ext"]
[Source "ChessBase"]
[SourceDate "1999.03.01"]
[SourceVersion "1"]
[SourceVersionDate "1999.03.01"]
[SourceQuality "1"]

1. e4 c5 2. Ne2 d6 3. g3 g6 4. Bg2 Bg7 5. c3 Nf6 6. d4 O-O 7. O-O Nbd7 8. h3
Rb8 9. g4 b5 10. a3 a5 11. Ng3 b4 12. axb4 axb4 13. Be3 bxc3 14. bxc3 Qc7 15.
g5 Ne8 16. Nd2 e5 17. d5 f6 18. gxf6 Nexf6 19. Qa4 Nb6 20. Qc2 Bd7 21. Rfb1 Ra8
22. Rxa8 Rxa8 23. Qb3 Nc8 24. Qb7 Qxb7 25. Rxb7 Ra7 26. Rb8 Kf7 27. Nc4 Ne8 28.
Nf1 Ke7 29. Nfd2 Nc7 30. Bf1 Bf6 31. Kg2 Ra8 32. Rb7 Ra7 33. Nxd6 1-0

[Event "Linares Anibal op 06th"]
[Site "Linares"]
[Date "1999.01.11"]
[Round "4"]
[White "Kazhgaleyev, Murtas"]
[Black "Kharlov, Andrei"]
[Result "0-1"]
[WhiteElo "2550"]
[BlackElo "2575"]
[PlyCount "106"]
[EventDate "1999.01.??"]
[EventType "swiss"]
[EventRounds "10"]
[EventCountry "ESP"]
[SourceTitle "CBM 068 ext"]
[Source "ChessBase"]
[SourceDate "1999.03.01"]
[SourceVersion "1"]
[SourceVersionDate "1999.03.01"]
[SourceQuality "1"]

1. e4 c5 2. Nf3 Nc6 3. Bb5 d6 4. c3 Nf6 5. Qe2 Bg4 6. h3 Bxf3 7. Qxf3 Nd7 8.
O-O g6 9. Bxc6 bxc6 10. d3 Bg7 11. Nd2 O-O 12. Qg3 Qb6 13. Kh1 Qa6 14. f4 d5
15. e5 e6 16. Rd1 Rab8 17. Nf3 c4 18. d4 c5 19. Qf2 cxd4 20. cxd4 Rb5 21. g4 f6
22. Qe2 fxe5 23. fxe5 Ra5 24. Rf1 Rxa2 25. Rxa2 Qxa2 26. Ng5 Qa6 27. h4 h6 28.
Nh3 Rxf1+ 29. Qxf1 Qa1 30. Nf4 Nf8 31. Ne2 Qb1 32. Nc3 Qc2 33. Qf4 h5 34. Qd2
Qxd2 35. Bxd2 hxg4 36. Kg2 a6 37. Na4 Nd7 38. Kg3 Bf8 39. Kxg4 Nb8 40. h5 gxh5+
41. Kxh5 Kf7 42. Bc3 Nc6 43. Nb6 Be7 44. Na4 Bd8 45. Kg4 Bc7 46. Kf4 Bb8 47. b3
cxb3 48. Nc5 Ba7 49. Nxb3 Bb6 50. Nc5 Bxc5 51. dxc5 Ke7 52. Bb2 a5 53. Ke3 Nb4
0-1

[Event "Linares Anibal op 06th"]
[Site "Linares"]
[Date "1999.01.12"]
[Round "5"]
[White "Kharlov, Andrei"]
[Black "Narciso Dublan, Marc"]
[Result "1-0"]
[WhiteElo "2575"]
[BlackElo "2460"]
[PlyCount "111"]
[EventDate "1999.01.??"]
[EventType "swiss"]
[EventRounds "10"]
[EventCountry "ESP"]
[SourceTitle "CBM 068 ext"]
[Source "ChessBase"]
[SourceDate "1999.03.01"]
[SourceVersion "1"]
[SourceVersionDate "1999.03.01"]
[SourceQuality "1"]

1. c4 e5 2. Nc3 Nf6 3. Nf3 Nc6 4. a3 d5 5. cxd5 Nxd5 6. d3 Be7 7. e3 O-O 8. Be2
Be6 9. O-O f5 10. Qc2 Qe8 11. Nxd5 Bxd5 12. b4 a6 13. Bb2 Qg6 14. d4 e4 15. Bc4
Qe6 16. Bxd5 Qxd5 17. Ne5 Nxe5 18. dxe5 c6 19. Rfd1 Qe6 20. Bd4 Rac8 21. Rac1
Rfe8 22. g3 Bf8 23. Bc5 Bxc5 24. Qxc5 Rc7 25. Qb6 Rce7 26. Rc5 Rd7 27. Rd6 Rxd6
28. exd6 Qxd6 29. Rxf5 Qe6 30. g4 Qd7 31. h3 h6 32. Kg2 Re7 33. Qc5 Qe6 34. Qd4
Rf7 35. Qe5 Rf6 36. Kg3 b6 37. h4 Kh7 38. h5 Kg8 39. a4 Kh7 40. Kf4 Qa2 41.
Rxf6 Qxf2+ 42. Kxe4 Qc2+ 43. Kf3 Qd1+ 44. Kf2 Qc2+ 45. Kg3 gxf6 46. Qxf6 Qd1
47. Qg6+ Kh8 48. Qxh6+ Kg8 49. Qg6+ Kh8 50. Qf6+ Kh7 51. Qd4 Qg1+ 52. Kf4 Qh2+
53. Kf5 Qc7 54. Qe5 Qf7+ 55. Kg5 Qg8+ 56. Kf4 1-0

[Event "Linares Anibal op 06th"]
[Site "Linares"]
[Date "1999.01.14"]
[Round "7"]
[White "Kharlov, Andrei"]
[Black "Yandemirov, Valeri"]
[Result "1-0"]
[WhiteElo "2575"]
[BlackElo "2470"]
[PlyCount "101"]
[EventDate "1999.01.??"]
[EventType "swiss"]
[EventRounds "10"]
[EventCountry "ESP"]
[SourceTitle "CBM 068 ext"]
[Source "ChessBase"]
[SourceDate "1999.03.01"]
[SourceVersion "1"]
[SourceVersionDate "1999.03.01"]
[SourceQuality "1"]

1. e4 e5 2. Nf3 Nc6 3. Bb5 a6 4. Ba4 d6 5. c3 g6 6. d4 Bd7 7. O-O Bg7 8. d5
Nce7 9. Bxd7+ Qxd7 10. c4 Nf6 11. Nc3 O-O 12. c5 c6 13. dxc6 Nxc6 14. Qxd6 Qxd6
15. cxd6 Rfd8 16. Rd1 Ne8 17. Be3 Rxd6 18. Nd5 Bf8 19. Nd2 Kg7 20. Rac1 Rad8
21. Bc5 Re6 22. Bxf8+ Kxf8 23. Nb3 Nd4 24. Nxd4 exd4 25. f3 Rc6 26. Rxc6 bxc6
27. Nb4 c5 28. Nxa6 c4 29. Nb4 Nc7 30. Rc1 d3 31. Kf2 Nb5 32. Ke3 d2 33. Rd1 c3
34. bxc3 Nxc3 35. Rxd2 Nd1+ 36. Ke2 Nc3+ 37. Ke1 Rb8 38. Nd5 Rb1+ 39. Kf2 Nxd5
40. exd5 Ke7 41. d6+ Kd7 42. Ke3 Rb6 43. a4 Rb3+ 44. Kd4 Rb4+ 45. Ke5 Rxa4 46.
Kf6 Rf4+ 47. Kg7 h5 48. Rd3 Rf5 49. h3 h4 50. Rd2 Rf4 51. Rd5 1-0